00866nam a2200265 a 4500090001400000041000800014110008800022245006100110250001000171260002400181300001000205440007500215650003200290650003400322650002900356650003600385650003200421650003300453650003500486650002500521662001200546942001200558945001500570999001500585 aLBb03630 aspa bAsociación de Organizaciones de Productores Ecológicos de Bolivia, AOPEB992316 aNormas AOPEB para la producción ecológica en Bolivia a8 ed. aLa PazbAOPEBc2002 a46 p. aSerie Manuales técnicos comité técnico de normas de AOPEB992317 aProductos orgánicos94180 aAgricultura orgánica992318 aNormas ambientales94152 aCertificación ambiental94417 aEtiquetas ambientales98310 aProductos ecológicos92231 aAgricultura ecológica992320 aEcoetiquetado918683 aBolivia cIMPRESO d2004-06-07 c3908d3908